Normal view
MARC view
- Diamaoden, Arsalan A.
Entry Personal Name
001 - CONTROL NUMBER
- control field: 59366
003 - CONTROL NUMBER IDENTIFIER
- control field: OSt
005 - DATE AND TIME OF LATEST TRANSACTION
- control field: 20240829105128.0
008 - FIXED-LENGTH DATA ELEMENTS
- fixed length control field: 240829|| aca||aabn | a|a d
040 ## - CATALOGING SOURCE
- Original cataloging agency: OSt
- Transcribing agency: OSt
100 ## - HEADING--PERSONAL NAME
- Personal name: Diamaoden, Arsalan A.
- Relator term: author.
670 ## - SOURCE DATA FOUND
- Source citation: Work cat.: (OSt): Diamaoden, Arsalan A. author., The demographic study of the selected non-government organization in Marawi City and its implication to peace and development /, 2020.
